Italian Serie A Clubs by Badge - Statistics

General Stats
  • This quiz has been taken 1,972 times
    223 since last reset
  • The average score is 18 of 20
Answer Stats
Picture Answer % Correct
Inter Milan
99%
Napoli
98%
AC Milan
97%
Atalanta
95%
Roma
95%
Bologna
94%
Juventus
94%
Lazio
94%
Fiorentina
92%
Torino
91%
Genoa
89%
Parma
88%
Como
87%
Sassuolo
87%
Udinese
87%
Hellas Verona
85%
Cagliari
83%
Lecce
75%
Pisa
69%
Cremonese
67%
No matching quizzes found
Score Distribution
Percent of People with Each Score
Percentile by Number Answered
Your Score History
You have not taken this quiz since the last reset